Statistics for NBA Sixth Man of the Year Award

Click here to take the quiz!

General Stats

  • This quiz has been taken 118 times
    (53 since last reset)
  • The average score is 15 of 37

Answer Stats

Year Player % Correct
2019Lou WilliamsClippers
94%
2012James HardenThunder
82%
2008Manu GinobiliSpurs
73%
2017Eric GordonRockets
73%
2005Ben GordonBulls
71%
2016Jamal CrawfordClippers
67%
2011Lamar OdomLakers
61%
2013J.R. SmithKnicks
57%
2009Jason TerryMavericks
47%
1996Toni KukocBulls
45%
1989Eddie JohnsonSuns
43%
2006Mike MillerGrizzlies
39%
1986Bill WaltonCeltics
39%
1985Kevin McHaleCeltics
37%
2003Bobby JacksonKings
33%
1997John StarksKnicks
31%
1983Bobby Jones76ers
29%
1992Detlef SchrempfPacers
27%
1994Dell CurryHornets
20%
1995Anthony MasonKnicks
18%
1993Clifford RobinsonTrail Blazers
18%
2007Leandro BarbosaSuns
18%
1999Darrell ArmstrongMagic
16%
2001Aaron McKie76ers
16%
1990Ricky PierceBucks
12%
1988Roy TarpleyMavericks
10%
2004Antawn JamisonMavericks
10%
1998Danny ManningSuns
8%
2002Corliss WilliamsonPistons
8%
2000Rodney RogersSuns
4%

Score Distribution

Percentile by Number Answered

Percent of People with Each Score

Your Score History

You have not taken this quiz since the last reset